000 00313nam a2200133Ia 4500
008 240624s9999 xx 000 0 und d
041 _aeng
082 _a891.46 PAD
100 _aKONDKE DADA
245 _aEKTA JEEU
260 _c2006
_aPune
_bAnubandh Prakashan
300 _a418 : p. : cm. ; 21
365 _cRS
_b20
999 _c6897
_d6897